000 00764nam a2200253Ia 4500
003 OSt
005 20220928125620.0
006 a|||||r|||| 00| 0
007 ta
008 220927b |||||||| |||| 00| 0 eng d
024 _a97571
037 _cAnnuals, Advances
040 _aSDCL
_cSDCL
_beng
041 _2eng
_aeng
082 _aR85x, J6
100 _aBochenski I M
_9371021
245 0 _aContemporary European philosophy.
260 _aLondon
_bUniversity of California Press
_c1956
300 _axviii,326p.
_ccm.
700 _a Aschenbrenner Karl Tr.
_9470530
700 _a Nicholl Donald Tr.
_9470531
942 _hR85x, J6
_cREF
_2CC
999 _c783245
_d783245